| 000 | 00508cam a22002052a 4500 | ||
|---|---|---|---|
| 001 | 000643 | ||
| 003 | AR-FADEU | ||
| 008 | 311216n1989####xxu####################dd | ||
| 020 | _a84-309-1785-3 | ||
| 092 |
_a142.8 _bH114id |
||
| 100 | _aHabermas, Jürgen | ||
| 245 | _aIdentidades nacionales y postnacionales | ||
| 260 | _aMadrid | ||
| 260 | _bTecnos | ||
| 260 | _c1989 | ||
| 300 | _a121 p | ||
| 440 | _aCuadernos de filosofía y ensayo | ||
| 650 | _aNACIONALISMO; POSTNACIONALISMO | ||
| 942 | _cBDGR | ||
| 999 |
_c6483 _d6483 |
||